| 000 | 00688nam a2200229 4500 | ||
|---|---|---|---|
| 001 | 32486 | ||
| 003 | AR-RoBPED | ||
| 005 | 20260401092213.0 | ||
| 008 | 260331s1971 es ||||er|||| 000 1 spa d | ||
| 040 | _aAR-RoBPED | ||
| 041 | _aspa | ||
| 100 | 1 |
_aFuentes, Carlos _d1928-2012 _913001 |
|
| 245 | 1 | 3 |
_aLa muerte de Artemio Cruz / _cCarlos Fuentes. |
| 260 |
_aEspaña : _bSalvat, _c1971. |
||
| 300 | _a206 p. | ||
| 490 | 0 | _a(Biblioteca Básica Salvat) | |
| 650 | 4 |
_aLITERATURA MEXICANA _93638 |
|
| 650 | 4 |
_aNOVELAS _925 |
|
| 700 | 1 |
_aDonoso, José _d1924-1996 _98879 _eprol. |
|
| 942 |
_2udc _ak. 32486 _cBK _h860(72)-31 _mF 89 m _ninv. 42345 |
||
| 945 | _amm 31/03/2026 - cd 01/04/2026 | ||
| 999 |
_c32486 _d32486 |
||